| 000 | 00609nam a2200205Ia 4500 | ||
|---|---|---|---|
| 005 | 20221112123459.0 | ||
| 008 | 131103s9999 xx 000 0 und d | ||
| 020 |
_a8126900857 _cRs. 895 |
||
| 040 | _aLoreto College | ||
| 041 | _aEnglish | ||
| 082 |
_a954.03 _bCHA |
||
| 100 | _aChaurasia, Radhey Shyam | ||
| 245 |
_aHistory of Modern India _b 1707 A.D. to upto 2000 A.D. _cRadhey Shyam Chaurasia |
||
| 260 |
_aNew Delhi _bAtlantic Publishers and Distributors _c2002 |
||
| 300 | _a491p, 22.5 cm. | ||
| 504 | _aIncludes appendices | ||
| 650 | _aIndia - Modern History | ||
| 850 | _aLCLIB | ||
| 942 | _cBK | ||
| 999 |
_c2407 _d52886 |
||